[Event "Lleida-ch U16"]
[Site "Vilanova de Segria"]
[Date "2012.02.18"]
[Round "6.6"]
[White "Borras Camarasa, Jorgina"]
[Black "Villaro Cos, Jordi"]
[Result "1/2-1/2"]
[WhiteElo "1351"]
[BlackElo "1703"]
[PlyCount "58"]
[EventDate "2012.01.14"]
[EventType "swiss"]
[EventRounds "6"]
[EventCountry "ESP"]
[SourceTitle "EXT 2024"]
[Source "ChessBase"]
[SourceDate "2023.10.10"]
[SourceVersion "1"]
[SourceVersionDate "2023.10.10"]
[SourceQuality "1"]

1. e4 e5 2. Nf3 d6 3. h3 Nd7 4. Nc3 Be7 5. Bc4 h6 6. d4 Ngf6 7. dxe5 dxe5 8. 0-0 0-0 9. Be3 Bd6 10. Nb5 Bc5 11. Qd3 a6 12. Nc3 Bxe3 13. Qxe3 Re8 14. Rad1 Qe7 15. a3 Nf8 16. Nd5 Qd6 17. Nxf6+ Qxf6 18. Qb3 b6 19. a4 Be6 20. Bxe6 Qxe6 21. Qd5 Ng6 22. Qxe6 Rxe6 23. Rd7 c5 24. Rb7 Rd6 25. Ne1 Nf4 26. Kh2 Rd4 27. g3 Ne6 28. Rxb6 Rxa4 29. f3 Rb4 1/2-1/2

[Event "Lleida Province-ch (Women)"]
[Site "Lleida"]
[Date "2011.11.19"]
[Round "6"]
[White "Clua Guardia, Mariona"]
[Black "Borras Camarasa, Jorgina"]
[Result "0-1"]
[WhiteElo "1718"]
[BlackElo "1351"]
[PlyCount "20"]
[EventDate "2011.10.08"]
[EventType "tourn"]
[EventRounds "6"]
[EventCountry "ESP"]
[SourceTitle "EXT 2017"]
[Source "ChessBase"]
[SourceDate "2016.10.25"]
[SourceVersion "1"]
[SourceVersionDate "2016.10.25"]
[SourceQuality "1"]

1. e4 e5 2. Nc3 Nf6 3. g3 Nc6 4. Bg2 Bc5 5. a3 0-0 6. Nge2 Be7 7. 0-0 d6 8. b3 Bd7 9. d4 exd4 10. Nxd4 Re8 0-1

[Event "Lleida Province-ch (Women)"]
[Site "Lleida"]
[Date "2011.10.22"]
[Round "3"]
[White "Borras Camarasa, Jorgina"]
[Black "Clua Guardia, Mariona"]
[Result "0-1"]
[WhiteElo "1351"]
[BlackElo "1718"]
[PlyCount "54"]
[EventDate "2011.10.08"]
[EventType "tourn"]
[EventRounds "6"]
[EventCountry "ESP"]
[SourceTitle "EXT 2017"]
[Source "ChessBase"]
[SourceDate "2016.10.25"]
[SourceVersion "1"]
[SourceVersionDate "2016.10.25"]
[SourceQuality "1"]

1. e4 e5 2. Nf3 Nc6 3. Bc4 Bc5 4. 0-0 Nf6 5. Nc3 0-0 6. d3 d6 7. h3 Be6 8. Bb5 h6 9. Be3 Nd4 10. Bxd4 Bxd4 11. Nxd4 exd4 12. Ne2 a6 13. Ba4 c5 14. c3 dxc3 15. Nxc3 b5 16. Bc2 Nd7 17. a3 Qg5 18. Kh2 Nb6 19. b3 d5 20. exd5 Nxd5 21. Nxd5 Bxd5 22. Rg1 Qf4+ 23. Kh1 Qxf2 24. Ra2 Rfe8 25. Bb1 Qg3 26. Qc2 Re3 27. Qxc5 Qxh3# 0-1